Oblomov

محفوظ في:
التفاصيل البيبلوغرافية
المؤلف الرئيسي: Ivan Goncharov
التنسيق: كتاب
اللغة:Undetermined
منشور في: London Everyman's Library 1992
الموضوعات:
الوسوم: إضافة وسم
لا توجد وسوم, كن أول من يضع وسما على هذه التسجيلة!
Thư viện lưu trữ: Trung tâm Học liệu Trường Đại học Cần Thơ
LEADER 00475nam a2200169Ia 4500
001 CTU_47237
008 210402s9999 xx 000 0 und d
082 |a 891.733 
082 |b G635 
100 |a Ivan Goncharov 
245 0 |a Oblomov 
245 0 |c Ivan Goncharov; Dịch giả: Natalie Duddington 
260 |a London 
260 |b Everyman's Library 
260 |c 1992 
650 |a russian fiction - 20th century 
980 |a Trung tâm Học liệu Trường Đại học Cần Thơ